Every 100,000+ city in USA: Texas - Statistics

General Stats
  • This quiz has been taken 52 times
  • The average score is 36 of 56
Answer Stats
Letter Population City % Correct
A 2,079,015 Austin
100%
E-P 1,007,958 El Paso
100%
F-W 1,104,569 Fort Worth
100%
H 7,806,542 Houston
100%
S-A 2,503,916 San Antonio
100%
D 8,127,260 Dallas
98%
C-C 349,661 Corpus Christi
95%
L 290,199 Lubbock
91%
A 216,421 Amarillo
88%
P 294,123 Plano
88%
W 202,795 Waco
88%
B 315,257 Brownsville
86%
M 1,166,857 McAllen
86%
A 410,151 Arlington
84%
L 271,505 Laredo
84%
D 366,013 Denton
81%
I 259,903 Irving
81%
K 262,090 Killeen
81%
B 238,106 Beaumont
77%
G 115,909 Galveston
77%
G 255,507 Garland
77%
O 150,197 Odessa
77%
C-S 243,390 College Station
74%
G-P 204,997 Grand Prairie
74%
M 146,151 Midland
74%
T 148,011 Tyler
74%
A 140,819 Abilene
72%
F 241,165 Frisco
72%
N-B 110,168 New Braunfels
67%
R-R 128,902 Round Rock
67%
A 107,633 Allen
65%
M 153,088 Mesquite
65%
W-F 108,895 Wichita Falls
65%
M 223,078 McKinney
63%
P 155,231 Pasadena
63%
S-L 113,880 Sugar Land
60%
P 130,156 Pearland
58%
S-A 125,090 San Angelo
56%
E 112,510 Edinburg
51%
T 114,489 Temple
51%
C 135,865 Carrollton
42%
L-C 119,721 League City
42%
L 100,627 Longview
42%
C 109,665 Conroe
40%
P-A 111,205 Port Arthur
37%
R 121,906 Richardson
37%
T-W 126,313 The Woodlands
37%
G 117,010 Georgetown
33%
L 113,045 Lewisville
30%
B 101,038 Bryan
23%
K 190,033 Kyle
23%
M 105,808 Mansfield
19%
R 131,720 Rockwall
16%
W 103,715 Waxahachie
12%
C 208,175 Cypress
9%
A 101,663 Atascocita
5%
No matching quizzes found
Score Distribution
Percent of People with Each Score
Percentile by Number Answered
Your Score History
You have not taken this quiz